| 000 -LEADER |
| fixed length control field |
00539nam a2200181 a 4500 |
| 001 - CONTROL NUMBER |
| control field |
:::00020292$&:&@@ |
| 003 - CONTROL NUMBER IDENTIFIER |
| control field |
OkBaRHE |
| 005 - DATE AND TIME OF LATEST TRANSACTION |
| control field |
20100331124034.0 |
| 008 - FIXED-LENGTH DATA ELEMENTS--GENERAL INFORMATION |
| fixed length control field |
s1973 j 000 0 eng u |
| 040 ## - CATALOGING SOURCE |
| Transcribing agency |
|
| 100 1# - MAIN ENTRY--PERSONAL NAME |
| Personal name |
Hall, Newton M., and Wood, Irving F. |
| 245 10 - TITLE STATEMENT |
| Title |
Bible heroes, pioneers. |
| 260 ## - PUBLICATION, DISTRIBUTION, ETC. (IMPRINT) |
| Place of publication, distribution, etc |
Chicago |
| Name of publisher, distributor, etc |
John Rudin & Company |
| Date of publication, distribution, etc |
1973 |
| 300 ## - PHYSICAL DESCRIPTION |
| Extent |
577 p. |
| 490 0# - SERIES STATEMENT |
| Series statement |
The Book of Life |
| 942 ## - ADDED ENTRY ELEMENTS (KOHA) |
| Source of classification or shelving scheme |
|
| Koha item type |
Books |